লুতফর রহমান রচনাবলী / (Record no. 40302)
[ view plain ]
| 000 -LEADER | |
|---|---|
| fixed length control field | 01061nam a2200265 a 4500 |
| 001 - CONTROL NUMBER | |
| control field | 40302 |
| 003 - CONTROL NUMBER IDENTIFIER | |
| rucl marc code | BD-RjUL |
| 005 - DATE AND TIME OF LATEST TRANSACTION | |
| control field | 20211209053204.0 |
| 008 - FIXED-LENGTH DATA ELEMENTS--GENERAL INFORMATION | |
| fixed length control field | 160428s1972 bg a|||| |||| 00| 0 ben d |
| 020 ## - INTERNATIONAL STANDARD BOOK NUMBER | |
| Terms of availability | : TK 16.00 |
| 035 ## - SYSTEM CONTROL NUMBER | |
| System control number | (BD-RjUL)40417 |
| 040 ## - CATALOGING SOURCE | |
| Original cataloging agency | BD-RjUL |
| Language of cataloging | ben |
| Transcribing agency | BD-RjUL |
| 041 ## - LANGUAGE CODE | |
| Language code of text/sound track or separate title | ben |
| 082 ## - DEWEY DECIMAL CLASSIFICATION NUMBER | |
| Edition number | 23 |
| Classification number | 891.4408 |
| Author mark and year | RAL 1972 |
| 100 ## - MAIN ENTRY--PERSONAL NAME | |
| Personal name | রহমান, মোহাম্মদ লুতফর |
| 9 (RLIN) | 124175 |
| 245 10 - TITLE STATEMENT | |
| Title | লুতফর রহমান রচনাবলী / |
| Statement of responsibility, etc. | মোহাম্মদ লুতফর রহমান ; আবদুল কাদির সম্পদিত |
| 250 ## - EDITION STATEMENT | |
| Edition statement | ১ম সং. |
| 260 ## - PUBLICATION, DISTRIBUTION, ETC. (IMPRINT) | |
| Place of publication, distribution, etc. | ঢাকা : |
| Name of publisher, distributor, etc. | বাংলা একাডেমী, |
| Date of publication, distribution, etc. | ১৯৭২ |
| 300 ## - PHYSICAL DESCRIPTION | |
| Pagination | খণ্ড ; |
| Size | ২১ সেমি. |
| 505 1# - FORMATTED CONTENTS NOTE | |
| Formatted contents note | খণ্ড ১ -- |
| 650 ## - SUBJECT ADDED ENTRY--TOPICAL TERM | |
| Topical term or geographic name as entry element | বাংলা সাহিত্য |
| 9 (RLIN) | 124176 |
| General subdivision | সংগ্রহ |
| Topical term or geographic name as entry element | Bengali Literature |
| 9 (RLIN) | 124177 |
| General subdivision | Collection |
| 700 ## - ADDED ENTRY--PERSONAL NAME | |
| Personal name | কাদির, আবদুল, সম্পদিত |
| 942 ## - ADDED ENTRY ELEMENTS (KOHA) | |
| Source of classification or shelving scheme | Dewey Decimal Classification |
| Koha item type | Books |
| Lost status | Source of classification or shelving scheme | Damaged status | Not for loan | Collection code | Permanent Location | Current Location | Shelving location | Date acquired | Source of acquisition | Cost, normal purchase price | Total Checkouts | Full call number | Date last seen | Copy number | Koha item type | Date checked out |
|---|---|---|---|---|---|---|---|---|---|---|---|---|---|---|---|---|
| Dewey Decimal Classification | Non-fiction | Central Library, University of Rajshahi | Central Library, University of Rajshahi | 06/01/1975 | Bangla Academy, Dhaka | 16.00 | B 891.4408 RAL V-1 1972 | 28/04/2016 | C-2 | Books | ||||||
| Dewey Decimal Classification | Non-fiction | Central Library, University of Rajshahi | Central Library, University of Rajshahi | 06/01/1975 | Bangla Academy, Dhaka | 16.00 | 1 | B 891.4408 RAL V-1 1972 | 16/03/2020 | C-4 | Books | 05/03/2020 | ||||
| Dewey Decimal Classification | Non-fiction | Central Library, University of Rajshahi | Central Library, University of Rajshahi | 06/01/1975 | Bangla Academy, Dhaka. | 16.00 | B 891.4408 RAL V-1 1972 | 13/08/2016 | C-5 | Books | ||||||
| Dewey Decimal Classification | Non-fiction | Central Library, University of Rajshahi | Central Library, University of Rajshahi | 06/01/1975 | Bangla Academy, Dhaka. | 16.00 | B 891.4408 RAL V-1 1972 | 13/08/2016 | C-6 | Books | ||||||
| Dewey Decimal Classification | Non-fiction | Central Library, University of Rajshahi | Central Library, University of Rajshahi | 06/01/1975 | Bangla Academy, Dhaka. | 16.00 | B 891.4408 RAL V-1 1972 | 13/08/2016 | C-7 | Books | ||||||
| Dewey Decimal Classification | Non-fiction | Central Library, University of Rajshahi | Central Library, University of Rajshahi | 06/01/1975 | Bangla Academy, Dhaka. | 16.00 | B 891.4408 RAL V-1 1972 | 13/08/2016 | C-8 | Books | ||||||
| Dewey Decimal Classification | Non-fiction | Central Library, University of Rajshahi | Central Library, University of Rajshahi | 06/01/1975 | Bangla Academy, Dhaka. | 16.00 | B 891.4408 RAL V-1 1972 | 13/08/2016 | C-9 | Books | ||||||
| Dewey Decimal Classification | Non-fiction | Central Library, University of Rajshahi | Central Library, University of Rajshahi | 06/01/1975 | Bangla Academy, Dhaka. | 16.00 | B 891.4408 RAL V-1 1972 | 13/08/2016 | C-10 | Books | ||||||
| Dewey Decimal Classification | Not For Loan | Non-fiction | Central Library, University of Rajshahi | Central Library, University of Rajshahi | 06/01/1975 | Bangla Academy, Dhaka. | 16.00 | B 891.4408 RAL V-1 1972 | 20/08/2016 | C-1 | Books | |||||
| Dewey Decimal Classification | Non-fiction | Central Library, University of Rajshahi | Central Library, University of Rajshahi | 06/01/1975 | Bangla Academy, Dhaka. | 16.00 | B 891.4408 RAL V-1 1972 | 20/08/2016 | C-3 | Books |